| 000 | 01047nam a22003497a 4500 | ||
|---|---|---|---|
| 001 | 0032447 | ||
| 003 | KOHA_MİRAKIL | ||
| 005 | 20260207002824.0 | ||
| 007 | ta | ||
| 008 | 110823b1998 tu |||gr||||#||||0|tur | | ||
| 020 | _c22,1 | ||
| 040 |
_aTR-BiSEU _btur _cTR-BiSEU _erda |
||
| 041 | 0 | _atur | |
| 044 | _ctu | ||
| 050 |
_aQA601 _b.H33 1998 |
||
| 100 | 1 | _aHacısalihoğlu, H. Hilmi. | |
| 245 | 1 |
_aİki ve üç boyutlu uzaylarda dönüşümler ve geometriler/ _cH. Hilmi Hacısalihoğlu ; H. Hilmi Hacısalihoğlu. |
|
| 264 | 1 |
_aAnkara : _b[y.y.] _c1998 |
|
| 300 |
_aiv, 326 s. ; _c24 cm. |
||
| 336 |
_ametin _btxt _2rdacontent |
||
| 337 |
_aaracısız _bn _2rdamedia |
||
| 338 |
_acilt _bnc _2rdacarrier |
||
| 500 | _aDizin var. | ||
| 500 | _aKaynakça var. | ||
| 650 | 0 |
_aGeometri. _91520 |
|
| 650 | 0 |
_aGeometry. _95564 |
|
| 650 | 0 |
_aGeometri, Cebirsel. _963248 |
|
| 650 | 0 |
_aGeometry Algebraic. _963249 |
|
| 650 | 0 |
_aDönüşümler (Matematik). _963250 |
|
| 650 | 0 |
_aTransformations (Mathematics). _963251 |
|
| 942 |
_2lcc _cBK |
||
| 999 |
_c32358 _d32358 |
||